Old McDonald's had a Farm on the Grand Staff - Statistics

General Stats
  • This quiz has been taken 4 times
  • The average score is 7 of 12
Answers on the Map
Answers color-coded by a green-red scale on the quiz's map according to % correct below.
 
Answer Stats
Answer % Correct
C
100%
C
100%
C
100%
A
50%
A
50%
C
50%
E
50%
E
50%
G
50%
G
50%
D
0%
D
0%
No matching quizzes found
Score Distribution
Percent of People with Each Score
Percentile by Number Answered
Your Score History
You have not taken this quiz